| 000 | 00583cab a22001575a 4500 | ||
|---|---|---|---|
| 001 | ##L133887 | ||
| 008 | 060615s1950 xxk 000 0 eng u | ||
| 035 | _a(Sirsi) u133887 | ||
| 041 | 0 | _aeng | |
| 245 | 0 | 0 | _aWhy a house should be surveyed |
| 260 | _c[ca. 1950] | ||
| 520 | _aReprinted from Daily Mail publication "Buying or selling your house", and authored by a chartered surveyor. Aimed at the layman. Explains how to get a structural survey done and what the report will cover. | ||
| 651 | 4 |
_aUnited Kingdom _y |
|
| 690 | _aBUILT ENVIRONMENT-BUILDING INSPECTION | ||
| 942 | _n0 | ||
| 999 |
_c77245 _d77245 |
||